[Event "Magistral Osasco 60 Anos 2022"]
[Site "Sao Paolo"]
[Date "2022.02.26"]
[Round "8.1"]
[White "Stamenkovic, Dragan"]
[Black "Cubas, Jose Fernando"]
[Result "1-0"]
[WhiteElo "2378"]
[BlackElo "2469"]
[Annotator "TA"]
[PlyCount "77"]
[EventDate "2022.02.19"]
[EventType "tourn"]
[EventCountry "BRA"]
[SourceTitle "playchess.com"]
[Source "ChessBase"]
[SourceQuality "1"]

{[%evp 9,77,14,25,4,14,6,24,8,13,7,7,3,3,4,15,18,20,11,43,0,0,0,0,0,0,-15,-18,-123,-124,-122,-126,-112,-47,-37,-33,-32,-25,-45,-35,-40,-13,-20,-8,-8,26,14,25,26,212,208,235,237,230,215,245,240,284,279,284,281,283,250,367,342,335,308,645,637,622,567]} 1. d4 Nf6 2. Bg5 e6 3. e4 h6 4. Bxf6 Qxf6 5. c3 Nc6 6. Bc4 {[#] A45: Trompowsky Attack.} Qg6 $146 {[%csl LRe4,LRg2]} ({Predecessor:} 6... d6 7. Ne2 g5 8. O-O Bd7 9. f4 gxf4 10. Nxf4 Qe7 11. d5 Ne5 12. dxe6 Bxe6 13. Bd5 {0-1 (26) Samorukova,J (1695)-Beltz,C (1824) Stuttgart 2007}) 7. Qf3 b6 8. Ne2 {White has an edge.} Bb7 9. Nd2 O-O-O 10. O-O-O Be7 11. Bd3 h5 12. h4 Qh6 13. Kb1 (13. Qxf7 $2 Rdf8 14. Qxf8+ Rxf8 $19) 13... f5 14. Qe3 (14. exf5 {[#]} Nxd4 $1 15. Qg3 Nxf5 16. Bxf5 exf5 $17) (14. Qg3 $1 $14) 14... Qxe3 $11 15. fxe3 g6 16. Nf4 Rdg8 17. Nf3 Nb4 18. exf5 (18. cxb4 $11 fxe4 19. Ne5 exd3 20. Nexg6) 18... Nxd3 $17 19. Rxd3 Be4 (19... exf5 20. d5 $15) 20. fxe6 g5 (20... dxe6 $17 {Threatens to win with ...g5.} 21. Kc1 Bxd3 22. Nxd3 g5 23. hxg5 Bxg5) 21. exd7+ $15 ({Much worse is} 21. hxg5 dxe6 22. Kc1 Bxd3 23. Nxd3 Bxg5 $17) 21... Kxd7 22. hxg5 Bxg5 23. Nxg5 ({Much weaker is} 23. Ne5+ Kc8 24. Rxh5 Rxh5 25. Nxh5 Bxe3 $17) 23... Rxg5 24. Kc2 Rf8 {[%cal Of8f4] [#] Hoping for ...Rxf4!} 25. Rh3 h4 {[%cal Of8f4]} 26. Kd2 Bxg2 27. Rxh4 Be4 28. c4 {Black must now prevent Rc3.} Rg3 $2 {A mistake that costs the game.} (28... Bxd3 $11 29. Kxd3 Rf7) 29. Rc3 $18 Rg1 30. Rc1 ({Resist} 30. Ne2 $6 Rf2 31. Rxe4 Rgg2 $16) 30... Rg5 31. Re1 Rfg8 32. Re2 c6 33. Nh5 R8g6 {Prevents Nf6+.} 34. Rxe4 Rxh5 35. Rf2 {And now Rf7+ would win.} Kd6 (35... Rg7 $142 36. Ref4 Re7) 36. Ref4 Ke6 37. Rf7 Rh1 $2 (37... Rg2 38. Rxg2 Kxf7) 38. Rxa7 Rgg1 39. Raf7 {Weighted Error Value: White=0.12 (very precise) /Black=0.33} 1-0

[Event "Magistral Osasco 60 Anos 2022"]
[Site "Sao Paolo"]
[Date "2022.02.26"]
[Round "8.2"]
[White "Rodi, Luis Ernesto"]
[Black "Supi, Luis Paulo"]
[Result "0-1"]
[WhiteElo "2347"]
[BlackElo "2581"]
[Annotator "TA"]
[PlyCount "54"]
[EventDate "2022.02.19"]
[EventType "tourn"]
[EventCountry "BRA"]
[SourceTitle "playchess.com"]
[Source "ChessBase"]
[SourceQuality "1"]

{[%evp 9,54,8,16,19,23,29,18,31,21,2,42,22,6,17,0,6,45,-31,-37,-35,-40,-43,-11,-225,-203,-210,-193,-376,-362,-379,-398,-402,-379,-425,-414,-386,-308,-757,-754,-859,-823,-894,-853,-1156,-1162,-2319,-2237]} 1. e4 c5 2. Nc3 Nc6 3. Bb5 Nd4 4. Nf3 a6 5. Bd3 Nc6 6. O-O {B23: Closed Sicilian: Lines without g3.} d6 7. Bc4 Nf6 8. d4 {The position is equal.} Bg4 $5 {[%mdl 4] A promising side line.} 9. dxc5 {[#]} e6 $146 (9... dxc5 {feels hotter.} 10. Be3 Qc7 11. h3 Bxf3 12. Qxf3 Nd4) ({Predecessor:} 9... dxc5 10. Be2 Bxf3 11. Bxf3 Qxd1 12. Rxd1 Nd4 13. Be3 Nxc2 14. e5 Nxe3 15. fxe3 Ng4 16. Bxg4 e6 17. Rac1 Be7 {1-0 (28) Korinek,J (1803)-Fiser,O (1377) LSS email 2013}) 10. h3 Bxf3 11. Qxf3 dxc5 12. a4 {To avoid b5} Rg8 13. Re1 ({Better is} 13. Rd1 $14 Bd6 14. Bg5) 13... Ne5 $15 14. Qe2 g5 {Prevents Bf4.} ({Don't play} 14... Qd4 15. Bb3 c4 {[#]} 16. Be3 $1 $16) 15. Rd1 Nfd7 $1 {[%cal Oh7h5]} 16. f4 $2 {This move loses the game for White.} (16. Qf1 $11 {and White stays safe.}) 16... gxf4 $19 17. Bxf4 Qh4 $1 {[%csl LRf4,LRh3]} 18. Bxe5 (18. Rxd7 {only move.} Nxd7 19. Rf1) 18... Nxe5 19. Bb5+ Ke7 20. Qe3 ({Much worse is} 20. Kh1 axb5 21. Qxb5 Kf6 22. Qxb7 Be7 $19) 20... Rc8 {The board is on fire.} ({Weaker is} 20... axb5 21. Qxc5+ Kf6 22. Rf1+ Kg6 23. Qxe5 $16) 21. Nd5+ exd5 22. Rxd5 Qg5 {[%csl Gg8][%cal Rg5g2]} 23. Qe2 (23. Qxg5+ Rxg5 24. Be2) 23... axb5 {Black is clearly winning.} 24. Rf1 Bh6 {...Qg3 is the strong threat.} 25. Kh1 f6 26. Rf5 Qg3 {aiming for ...Bf4.} 27. Qf1 {[#]} Ng4 $1 {Weighted Error Value: White=1.10/Black=0.07 (flawless)} 0-1

[Event "Magistral Osasco 60 Anos 2022"]
[Site "Sao Paolo"]
[Date "2022.02.26"]
[Round "8.3"]
[White "Di Berardino, Diego Rafael"]
[Black "Languidey, Simon Alejandro"]
[Result "1/2-1/2"]
[WhiteElo "2483"]
[BlackElo "2403"]
[Annotator "TA"]
[PlyCount "37"]
[EventDate "2022.02.19"]
[EventType "tourn"]
[EventCountry "BRA"]
[SourceTitle "playchess.com"]
[Source "ChessBase"]
[SourceQuality "1"]

{[%evp 20,37,30,35,0,-33,-33,-51,-21,-109,-104,-120,-127,-99,-94,-110,0,-120,0,-137]} 1. d4 e6 2. c4 Nf6 3. Nf3 d5 4. g3 Be7 5. Bg2 O-O 6. O-O dxc4 7. Qc2 a6 8. a4 Nc6 9. Qxc4 Qd5 10. Nbd2 Rd8 11. e3 Qh5 {E05: Open Catalan: 5 Nf3 Be7.} 12. b3 e5 $1 13. dxe5 {[#]} Nxe5 $146 {Black is slightly better.} ({Predecessor:} 13... Ng4 14. h3 Ngxe5 15. g4 Nxc4 16. gxh5 Bf6 17. Rb1 Nxd2 18. Nxd2 Bf5 19. Ne4 Bh4 {½-½ (42) Bok,B (2591)-Lobanov,S (2394) St Petersburg 2015}) 14. Qxc7 {[#]} (14. Nxe5 $11 {remains equal.} Qxe5 15. Rb1) 14... Nc6 $1 $17 {And now ...Bd6 would win.} 15. e4 Bd6 {[%mdl 1024] Black has strong compensation.} 16. Qb6 Bc5 17. Qc7 Bd6 18. Qb6 Bc5 19. Qc7 {Weighted Error Value: White=0.34/Black=0.34} 1/2-1/2

[Event "Magistral Osasco 60 Anos 2022"]
[Site "Sao Paolo"]
[Date "2022.02.27"]
[Round "8.4"]
[White "El Debs, Felipe de Cresce"]
[Black "Quintiliano Pinto, Renato R."]
[Result "0-1"]
[WhiteElo "2553"]
[BlackElo "2468"]
[Annotator "TA"]
[PlyCount "170"]
[EventDate "2022.02.19"]
[EventType "tourn"]
[EventCountry "BRA"]
[SourceTitle "playchess.com"]
[Source "ChessBase"]
[SourceQuality "1"]

{[%evp 19,170,0,8,0,0,0,4,0,12,4,0,0,9,15,15,-8,0,-8,-10,-12,0,2,18,0,0,0,0,0,37,43,39,44,54,-6,-14,-11,-28,-102,-103,-100,-25,-25,-16,-24,0,0,16,0,0,0,0,0,0,0,0,0,0,0,0,0,0,0,0,0,0,0,-4,-12,-8,-8,-2,-2,-4,-29,-21,-25,0,0,0,0,0,0,0,0,0,0,0,0,0,0,0,-7,0,-36,0,-15,-7,-16,-7,-23,-23,-23,-23,-23,-23,-23,-13,-28,-7,-23,-23,-1532,-274,-1504,-30,-12840,-12840,-12841,0,0,0,0,0,0,0,0,0,0,0,0,0,0,0,0,0,0,0,0,0,0,0,0,0,-12844,-12844,-12845,-12845,-12845,-12846,-12846,-12847,-12847,-12847]} 1. d4 Nf6 2. c4 e6 3. Nf3 d5 4. g3 Bb4+ 5. Bd2 Be7 6. Bg2 O-O 7. O-O c6 8. Qc2 b6 9. Bf4 Ba6 10. Nbd2 Nbd7 11. Rfe1 {E11: Bogo-Indian.} Nh5 12. Be3 Bb7 {[#]} 13. Rac1 $146 {The position is equal.} ({Predecessor:} 13. Rad1 f5 14. Nf1 Rc8 15. Ne5 Nhf6 16. Nd3 Re8 17. b4 Bf8 18. c5 Ba6 19. a4 {0-1 (42) Nechepurenko,R (2122)-Bryzgalin,K (2446) Samara 2002}) 13... f5 14. cxd5 exd5 15. Nf1 Bd6 16. Bg5 Qe8 17. Nh4 g6 18. Nd2 Ndf6 19. e3 Ne4 20. Bh6 Rf7 21. a3 Nhf6 {[%cal Oe4f2]} 22. Bf4 $1 {Strongly threatening Nxe4.} Bf8 23. Nhf3 h6 24. Ne5 Rh7 25. Nxe4 fxe4 26. g4 (26. Nxc6 $2 Rc8 27. Qd2 Bxc6 $19) (26. h4 $14) 26... g5 $11 27. Bg3 h5 28. h3 (28. Nxc6 $2 Rc8 29. Qe2 Rxc6 $19) (28. gxh5 $11 Nxh5 29. Qb3 (29. Nxc6 $2 Nxg3 30. hxg3 Rc7 $19)) 28... hxg4 $1 $17 29. hxg4 Qe6 ({Better is} 29... Bd6 $17 30. f3 Nd7) 30. f3 $11 (30. Nxc6 $2 Rc8 31. Qe2 Bxc6 $19) 30... c5 31. Rf1 {[%cal Ob2b4]} (31. dxc5 Bxc5 32. fxe4 Nxe4 33. Bxe4 dxe4 $19) 31... Bd6 (31... Re8 {keeps more tension.} 32. fxe4 Nxe4 33. Bxe4 dxe4 34. Rf5 cxd4 35. Rxg5+ Rg7) 32. fxe4 cxd4 33. exd4 Nxe4 34. Qd3 Bxe5 35. Bxe5 {Threatens to win with Rf5.} Qxg4 36. Rf3 Rf8 $1 37. Rxf8+ Kxf8 38. Qb5 Rf7 {...Rf2 is the strong threat. Dancing on a razor blade.} 39. Rf1 {Prevents Rf2.} Rxf1+ 40. Qxf1+ Ke8 41. Qb5+ Qd7 42. Qb3 Ke7 43. Qf3 Bc8 44. Qb3 Qc6 45. Qe3 $1 Qg6 46. Qc1 Bd7 47. Qc7 Qc6 48. Qxa7 Qc1+ 49. Kh2 Qxb2 (49... Nf2 $5 50. Bf6+ (50. Bxd5 Ng4+ 51. Kg2 Qc2+ 52. Kh3 Ne3+) 50... Kxf6 51. Qxd7 Qf4+ 52. Kg1 Ng4 53. Qd8+ Kg7 54. Qd7+ Kh6 55. Qe6+ Nf6 $11) 50. Qb8 g4 51. Qg8 Qf2 52. Qh7+ Ke8 {And now ...g3+ would win.} 53. Qg6+ Qf7 54. Qh6 Be6 55. Qh8+ Kd7 56. Qh4 ({Reject} 56. Qb8 g3+ 57. Bxg3 Qh5+ 58. Kg1 Nxg3 59. Qb7+ Ke8 60. Qb8+ Kf7 61. Qxg3 (61. Qc7+ Kf6 $17) 61... Qd1+ 62. Kh2 Qxd4 63. Qc7+ Ke8 $17) 56... Qg6 57. Qh8 g3+ 58. Kg1 $1 Nd2 {( -> ...Qb1+)} 59. Qg7+ Qxg7 60. Bxg7 {[%mdl 4096] Endgame KBB-KBN. This bishop pair is nice.} Nc4 61. Bf8 Ne3 62. Bf1 Bf5 63. Bh6 Nc2 64. a4 Be4 65. Bg2 $2 {[%mdl 8192]} (65. Bb5+ $11 Ke6 66. Bf4) 65... Kc6 $2 (65... Bxg2 66. Kxg2 Kc6) 66. Bg7 $2 (66. Bf1 Nxd4 67. Be3) 66... Ne3 $2 (66... Bxg2 $1 $19 67. Kxg2 Ne3+ 68. Kh1 Nc4) 67. Bxe4 $2 {[%mdl 8192]} (67. Bf1 $11) 67... dxe4 {KB-KN} 68. Be5 Nf5 $2 (68... Kd5 $19 69. Bb8 Nc4 70. Bxg3 Kxd4) 69. Kg2 Kd5 (69... e3 $5 70. Kf3 Kd5 $11) 70. Bc7 Kc6 71. Be5 $1 e3 ({But not} 71... Kd5 $6 72. Bc7 $17) 72. Kf3 Kd5 73. Bc7 Nxd4+ 74. Kxe3 Kc5 75. a5 {[%cal Ba4a5,Ba5a6,Ba6a7][%mdl 32]} Nf5+ 76. Kf3 b5 {[%cal Bb6b5,Bb5b4,Bb4b3,Bb3b2][%mdl 32]} 77. a6 {aiming for a7.} Kc6 78. a7 Kb7 79. Bb6 $1 b4 80. Ke2 $1 b3 81. Kd3 $2 {[%mdl 8192]} Ne7 $1 $19 {Black is clearly winning.} ({Inferior is} 81... b2 82. Kc2 $11) 82. Bd4 Nd5 $1 83. Kd2 {[#]} Nf4 $1 84. Be3 {[#]} Ne2 $1 {[%mdl 512]} 85. Bb6 {[#]} (85. Kd3 b2) 85... b2 $1 {Weighted Error Value: White=0.08 (flawless) /Black=0.08 (flawless)} 0-1

[Event "Magistral Osasco 60 Anos 2022"]
[Site "Sao Paolo"]
[Date "2022.02.26"]
[Round "8.5"]
[White "Alboredo, Julia"]
[Black "Pereira, Silvio Cunha"]
[Result "1-0"]
[WhiteElo "2216"]
[BlackElo "2217"]
[Annotator "ChessBase"]
[PlyCount "57"]
[EventDate "2022.02.19"]
[EventType "tourn"]
[EventCountry "BRA"]
[SourceTitle "playchess.com"]
[Source "ChessBase"]
[SourceQuality "1"]
[TimeControl "40/5400+30:1800+30"]

1. e4 {[%emt 0:00:06]} e5 {[%emt 0:00:05]} 2. Nf3 {[%emt 0:00:13]} Nc6 {[%emt 0:00:05]} 3. Bc4 {[%emt 0:00:22]} Bc5 {[%emt 0:00:06]} 4. c3 {[%emt 0:00:18]} Bb6 {[%emt 0:01:19]} 5. d4 {[%emt 0:00:31]} Qe7 {[%emt 0:00:06]} 6. Bg5 {[%emt 0:00:26]} Nf6 {[%emt 0:00:20]} 7. d5 {[%emt 0:00:23]} Nd8 {[%emt 0:00:05]} 8. d6 {[%emt 0:00:17]} cxd6 {[%emt 0:00:06]} 9. Na3 {[%emt 0:00:44]} a6 {[%emt 0:01:11]} 10. O-O {[%emt 0:02:07]} Ne6 {[%emt 0:00:36]} 11. Bxf6 {[%emt 0:02:12]} Qxf6 {[%emt 0:00:06]} 12. g3 {[%emt 0:04:39]} h5 {[%emt 0:02:54]} 13. Nh4 {[%emt 0:15:06]} Ng5 {[%emt 0:14:51]} 14. Bd5 {[%emt 0:14:55]} Nh3+ {[%emt 0:09:20]} 15. Kg2 {[%emt 0:00:33]} Nf4+ {[%emt 0:09:00]} 16. Kh1 {[%emt 0:02:02]} Bd8 {[%emt 0:07:11]} 17. Nc4 {[%emt 0:03:36]} Nxd5 {[%emt 0:05:51]} 18. Qxd5 {[%emt 0:01:26]} Qe6 {[%emt 0:00:37]} 19. Nxd6+ {[%emt 0:13:03]} Kf8 {[%emt 0:01:34]} 20. Rad1 {[%emt 0:04:33]} Rh6 {[%emt 0:11:19]} 21. Nhf5 {[%emt 0:02:04]} Rf6 {[%emt 0:01:02]} 22. Qc5 {[%emt 0:04:20]} b6 {[%emt 0:01:15]} 23. Qe3 {[%emt 0:00:06]} Rg6 {[%emt 0:03:01]} 24. f4 {[%emt 0:01:36]} Kg8 {[%emt 0:03:42]} 25. Rd5 {[%emt 0:02:47]} exf4 {[%emt 0:03:25]} 26. gxf4 {[%emt 0:00:27]} Bc7 {[%emt 0:07:54]} 27. Rfd1 {[%emt 0:05:55]} f6 {[%emt 0:00:44]} 28. Rg1 {[%emt 0:01:08]} Rxg1+ {[%emt 0:00:55]} 29. Qxg1 {[%emt 0:00:09]} 1-0

[Event "Magistral Osasco 60 Anos 2022"]
[Site "Sao Paolo"]
[Date "2022.02.27"]
[Round "9.1"]
[White "Pereira, Silvio Cunha"]
[Black "Stamenkovic, Dragan"]
[Result "0-1"]
[WhiteElo "2217"]
[BlackElo "2378"]
[Annotator "TA"]
[PlyCount "126"]
[EventDate "2022.02.19"]
[EventType "tourn"]
[EventCountry "BRA"]
[SourceTitle "playchess.com"]
[Source "ChessBase"]
[SourceQuality "1"]

{[%evp 22,126,28,28,31,14,23,-12,-6,-6,-6,-8,-6,-8,-8,-40,-44,-52,-55,-67,-42,-46,-46,-47,-47,-100,-42,-48,-52,-58,-47,-60,-51,-51,-35,-35,0,-49,-35,-43,-35,-50,-56,-70,-60,-58,-62,-111,-99,-137,-133,-121,0,0,0,-84,-6,-22,0,-68,0,-110,-51,-83,-85,-245,-228,-319,-318,-294,-315,-287,-239,-239,-245,-320,-313,-285,-230,-357,-404,-360,-229,-430,-460,-567,-508,-495,-479,-486,-484,-554,-460,-560,-348,-331,-278,-322,-307,-772,-750,-1116,-625,-1060,-1057,-1288,-927]} 1. e4 c5 2. Nf3 Nc6 3. d4 cxd4 4. Nxd4 Nf6 5. Nc3 d6 6. Be2 g6 7. Be3 Bg7 8. Qd2 Ng4 9. Bxg4 Bxg4 10. O-O O-O 11. Nd5 {is now more promising than 11.f4.} Bd7 12. c4 Rc8 {[%cal Ba8c8,Bc8c4,Bc4d4][%mdl 32] B73: Sicilian Dragon: Classical System without 9 Nb3.} 13. Rac1 {[#]} e6 $146 ({Predecessor:} 13... Ne5 14. b3 Ng4 15. Bg5 f6 16. Bf4 e6 17. h3 exd5 18. hxg4 dxc4 19. bxc4 Bxg4 {1-0 (48) Rogic,D (2566)-Tuncer,U (2329) Austria 2014}) 14. Nc3 (14. Nxc6 {with more complications.} Bxc6 15. Nc3 Qa5 16. Rfd1 Rfd8 17. Bd4) 14... Nxd4 {The position is equal.} 15. Bxd4 Rxc4 16. Bxg7 Kxg7 17. Qxd6 {Black must now prevent Rfd1.} Bc6 18. Qa3 Qb6 19. b3 Rd4 20. Qb2 {Ne2 is the strong threat.} e5 {Black is more active.} 21. Qe2 Rfd8 22. Rc2 $1 {Inhibits Rd2.} a6 23. h4 (23. h3 $15) 23... h5 ({Black should play} 23... Qc5 $17) 24. Qe3 Qb4 {[%cal Rc6e4]} 25. f3 Rd3 26. Qc1 Qe7 27. Qg5 Qc5+ 28. Kh2 {[%cal Oc3d5]} R8d7 29. Qc1 (29. Nd5 $11 Qxc2 30. Qxe5+ Kg8 31. Nf6+ Kf8 32. Nh7+ Kg8 33. Nf6+ Kf8 34. Nh7+ Kg8 35. Nf6+) 29... Qd6 30. Rff2 Qd4 {[%cal Od3c3]} (30... Qe7 {is interesting.} 31. Qg5 f6 32. Qc1 f5 33. Qg5 Qxg5 34. hxg5 Re3) 31. Rf1 Rd2 32. Rxd2 Qxd2 33. Qxd2 Rxd2 $15 {[%mdl 4096] Endgame KRB-KRN} 34. Rc1 {To avoid Rc2} (34. Rd1 $1 $15 {was preferrable.} Rc2 35. Rd3) 34... f5 $17 35. Nd5 fxe4 (35... Rxa2 $6 36. Nb4 Ra3 37. Nxc6 bxc6 38. exf5 $11) (35... Bxd5 36. exd5 Kf6 37. Rc7 $11) 36. fxe4 Kf8 (36... Rxa2 37. Nb4 Re2 38. Nxc6 bxc6 39. Rxc6 $15) (36... a5 $17 37. Nc3 Kf6) 37. Rf1+ $1 $11 Kg7 38. Nc7 {[#]} (38. Rc1 $1 $11 {keeps the balance.}) 38... Rd6 (38... Bxe4 39. Ne6+ Kh8 40. Rf8+ Kh7 41. Ng5+ Kg7 42. Ne6+ (42. Nxe4 Rd4 $11) 42... Kh7 43. Ng5+ Kg7 44. Rf7+ (44. Nxe4 Rd4 $11) 44... Kg8 {[#]} 45. Nxe4 $1 $16) (38... Bd7 $1 $17 {Threatening ...Re2.} 39. Rc1 Rxa2) 39. Kg3 $1 Rd3+ 40. Kh2 (40. Rf3 $11 Rd6 41. Rf1) 40... Rd6 ({Much worse is} 40... Bxe4 41. Ne6+ Kh8 42. Rf8+ Kh7 43. Ng5+ Kg7 44. Ne6+ Kh7 45. Ng5+ Kg7 46. Ne6+ Kh7 $11) (40... Bd7 $1 $15) 41. a4 (41. Kg3 $1 $11) 41... Rf6 (41... Kg8 $17 42. Nd5 Bxd5 43. exd5 Kg7) 42. Rc1 Kf7 43. Rc4 $2 {This costs White the game.} (43. Nd5 $17 {was the only chance.} Rf2 44. Re1) 43... Rf4 $19 44. Nxa6 Rxh4+ 45. Kg1 Rxe4 46. Rc2 Rg4 {aiming for ...Bxg2.} ({Not} 46... bxa6 47. Rxc6 Rb4 48. Rxa6 $17) 47. Nc5 {[%cal Oc5b7]} Ke7 48. Nxb7 Be4 ({Inferior is} 48... Bxb7 49. Rc7+ Kd6 50. Rxb7 $11) 49. Rc7+ Ke6 50. a5 (50. b4 $142 Rxg2+ 51. Kf1) 50... Rxg2+ 51. Kf1 {And now Nc5+ would win.} Rb2 52. Rg7 $2 (52. a6 Rxb3 53. Nc5+ Kd6 54. Rc8 Rb1+ 55. Ke2 Rb2+ 56. Ke3) 52... Kf6 53. Rd7 Rxb3 54. Nc5 Rb1+ 55. Kf2 Bh1 56. a6 Ra1 57. a7 Kf5 {Hoping for ...g5.} 58. Rf7+ Kg4 59. Nd3 Ra5 60. Kg1 $2 {[#]} (60. Ke3 Kg5 61. Rh7) 60... Kg3 $1 {Black is clearly winning.} 61. Ne1 {Prevents Bg2.} (61. Nc1 Bf3) 61... Bd5 62. Rg7 Be4 {( -> ...Ra1)} 63. Kf1 h4 {Weighted Error Value: White=0.61/Black=0.30} 0-1

[Event "Magistral Osasco 60 Anos 2022"]
[Site "Sao Paolo"]
[Date "2022.02.27"]
[Round "9.2"]
[White "Quintiliano Pinto, Renato R."]
[Black "Alboredo, Julia"]
[Result "1-0"]
[WhiteElo "2468"]
[BlackElo "2216"]
[Annotator "TA"]
[PlyCount "65"]
[EventDate "2022.02.19"]
[EventType "tourn"]
[EventCountry "BRA"]
[SourceTitle "playchess.com"]
[Source "ChessBase"]
[SourceQuality "1"]

{[%evp 16,65,0,-2,1,0,11,2,8,0,0,0,0,0,0,-21,0,0,95,102,96,81,87,29,95,72,87,105,200,206,426,433,523,372,460,480,468,452,441,427,452,312,300,318,311,293,418,427,402,420,637,620]} 1. d4 d5 {[%cal Bd7d5,Bd5c4][%mdl 32]} 2. c4 c6 3. Nc3 dxc4 4. e4 b5 {[%cal Bb7b5,Bb5b4][%mdl 32]} 5. a4 b4 6. Na2 Nf6 7. e5 Nd5 8. Bxc4 e6 9. Nf3 Bb7 {D10: Slav Defence: 3 cxd5 (without early Nf3) and 3 Nc3.} 10. O-O Be7 {Prevents Bg5.} 11. Bd2 a5 {The position is equal.} 12. Nc1 O-O 13. Nb3 {Prevents c5.} Nd7 14. Qe2 c5 15. Bb5 cxd4 (15... Nc7 $5 {[%cal Rc7b5]}) 16. Rfc1 {[#]} N5b6 $146 (16... Nc3 $11 17. bxc3 dxc3) ({Predecessor:} 16... Nb8 17. Nbxd4 Qb6 18. Rc4 Rc8 19. Rac1 Rxc4 20. Rxc4 Na6 21. Ng5 h6 22. Ne4 Nc5 23. Nxc5 Bxc5 {½-½ (34) Sasikiran,K (2430)-Summerscale,A (2420) Hove 1997}) 17. Nfxd4 $16 (17. Nbxd4 $6 Nc5 $11) 17... Nb8 18. Qg4 {Threatens to win with Bh6.} Kh8 19. Nf3 ({Better is} 19. Rd1 $16) 19... f5 (19... N8d7 $11) 20. exf6 Bxf6 21. Ng5 (21. Qxe6 $2 Bd5 22. Qe3 Bxb2 $17) 21... Bxg5 (21... Qd5 $16) 22. Bxg5 $40 {[%mdl 128] White goes for the king.} (22. Qxg5 Bd5 $16) 22... Qd5 (22... Qd6 23. Nc5 Bd5) 23. Nc5 Bc8 {[%cal Bb7c8,Bc8f5,Bf5g6,Bg6f7][%mdl 32]} 24. Be3 e5 25. Qh4 Bf5 26. g4 Bg6 27. Rd1 Qf3 28. Qg3 {Active counter play!} Qxg3+ 29. hxg3 {[#] And now Ne6 would win.} ({Don't take} 29. fxg3 $6 Bf7 30. Ne4 Nc4 $18) 29... Bf7 {Prevents Ne6.} 30. Ne4 Nd5 (30... Nc4 $142 31. Nd6 (31. Bc5 Rc8 $16) 31... Nxe3 32. Nxf7+ (32. fxe3 Be6 $16) 32... Kg8) 31. Bc5 Rd8 32. Be7 {A strong pair of Bishops.} Rc8 {[#]} (32... Rd7 $142 33. Bd6 Rda7) 33. Nd6 $1 {[%csl LRc8,LRf7] Weighted Error Value: White=0.18 (very precise) /Black=0.46} 1-0

[Event "Magistral Osasco 60 Anos 2022"]
[Site "Sao Paolo"]
[Date "2022.02.27"]
[Round "9.3"]
[White "Languidey, Simon Alejandro"]
[Black "El Debs, Felipe de Cresce"]
[Result "1/2-1/2"]
[WhiteElo "2403"]
[BlackElo "2553"]
[Annotator "TA"]
[PlyCount "38"]
[EventDate "2022.02.19"]
[EventType "tourn"]
[EventCountry "BRA"]
[SourceTitle "playchess.com"]
[Source "ChessBase"]
[SourceQuality "1"]

{[%evp 26,38,23,19,15,0,0,0,0,0,8,0,0,0,17]} 1. d4 Nf6 2. c4 e6 3. Nc3 d5 4. cxd5 exd5 5. Bg5 c6 6. e3 h6 7. Bh4 Be7 8. Bd3 O-O 9. Nf3 Nbd7 10. O-O Re8 11. Qc2 Ne4 12. Bxe4 Bxh4 13. Bh7+ Kh8 14. Bd3 Be7 {The position is equal. 14...Be7 is better than 14...Bf6. D36: Queen's Gambit Declined: Exchange Variation: Main line (5 Bg5 c6 6 Qc2).} 15. Rfe1 Kg8 {[#]} 16. Bh7+ $146 ({Predecessor:} 16. Rab1 a5 17. a3 Bd6 18. e4 dxe4 19. Nxe4 Bf8 20. Ng3 Rxe1+ 21. Rxe1 Nf6 22. Bc4 Nd5 23. Ne5 Be6 24. h3 Qc7 25. Nh5 Rd8 26. Qd3 {1-0 (53) Martirosyan,H (2621)-Sarana,A (2666) Warsaw 2021}) 16... Kh8 17. Bd3 Kg8 18. Bh7+ Kh8 19. Bd3 Kg8 {A rather calm draw.  Weighted Error Value: White=0.04 (flawless) /Black=0.00 (flawless)} 1/2-1/2

[Event "Magistral Osasco 60 Anos 2022"]
[Site "Sao Paolo"]
[Date "2022.02.27"]
[Round "9.4"]
[White "Supi, Luis Paulo"]
[Black "Di Berardino, Diego Rafael"]
[Result "1/2-1/2"]
[WhiteElo "2581"]
[BlackElo "2483"]
[Annotator "TA"]
[PlyCount "53"]
[EventDate "2022.02.19"]
[EventType "tourn"]
[EventCountry "BRA"]
[SourceTitle "playchess.com"]
[Source "ChessBase"]
[SourceQuality "1"]

{[%evp 23,53,0,34,12,12,21,25,0,0,0,0,0,0,0,0,0,0,0,0,-29,0,0,0,0,0,0,0,0,0,0,0,0]} 1. d4 Nf6 2. c4 g6 3. Nc3 d5 4. cxd5 Nxd5 5. e4 Nxc3 6. bxc3 Bg7 7. Nf3 c5 8. Rb1 O-O 9. Be2 cxd4 10. cxd4 Qa5+ 11. Bd2 Qxa2 12. O-O Bg4 13. Rxb7 {D85: Exchange Grünfeld: Unusual White 7th moves and lines with 7 Nf3.} Bxf3 14. Bxf3 Bxd4 15. e5 {White has an edge.} (15. Bb4 $5 {[%cal Rd1d4]} Rd8 16. Qc1 $14 (16. Bxe7 $2 Bxf2+ 17. Rxf2 Rxd1+ 18. Bxd1 Qa1 $19) (16. Rxe7 $2 Nc6 $19)) 15... Na6 {[%cal Bb8a6,Ba6c5,Bc5d3,Bd3e1][%mdl 32]} 16. Rxe7 Rad8 {[#] White must now prevent ...Bc5.} 17. e6 fxe6 {Hoping for ...Bc5.} 18. Qe1 {[#]} Nc5 $146 ({Predecessor:} 18... Bf6 19. Rxa7 Rxd2 20. Rxa6 Qxa6 21. Qxd2 Qb6 22. g3 Bd4 23. Qe2 Rf6 24. Kg2 Qb2 25. Qxb2 Bxb2 {½-½ (44) Grischuk,A (2776)-Vachier Lagrave,M (2760) Bucharest 2021}) 19. Be3 {Strongly threatening Bxd4. This bishop pair is nice.} Nd3 20. Bxd4 Nxe1 21. Rg7+ Kh8 22. Rd7+ {The position is equal.} Kg8 (22... e5 $2 23. Bxe5+ Rf6 24. Bxf6+ Kg8 25. Rxd8+ $18) 23. Rg7+ Kh8 24. Rd7+ Kg8 (24... e5 $2 25. Bxe5+ Rf6 26. Bxf6+ Kg8 27. Rxd8+ $18) 25. Rg7+ Kh8 26. Rd7+ Kg8 (26... e5 $2 27. Bxe5+ Rf6 28. Bxf6+ Kg8 29. Rxd8+ $18) 27. Rg7+ {A balanced but interesting game.  Weighted Error Value: White=0.04 (flawless) /Black=0.02 (flawless)} 1/2-1/2